“豆花”地点数量≥200的地级行政区 Prefectures with ≥200 "Douhua" sites - Statistics

General Stats
  • This quiz has been taken 5 times
  • The average score is 21 of 26
Answer Stats
地级行政区 数量 % Correct
重庆 3731
100%
成都 2800
100%
遵义 1572
100%
贵阳 1217
100%
乐山 837
100%
泸州 623
100%
自贡 592
100%
眉山 586
100%
宜宾 505
100%
昆明 372
100%
内江 356
100%
毕节 346
100%
绵阳 289
100%
深圳 241
100%
广州 303
80%
黔南 266
80%
中山 254
80%
东莞 248
80%
佛山 246
80%
六盘水 236
80%
广安 328
60%
凉山 344
40%
宝鸡 408
20%
厦门 271
20%
温州 225
20%
宁波 203
20%
No matching quizzes found
Score Distribution
Percent of People with Each Score
Percentile by Number Answered
Your Score History
You have not taken this quiz